| 000 | 00000nam 2200000za 4500 |
| 001 | 9.816782 |
| 003 | CaOODSP |
| 005 | 20221107142326 |
| 007 | cr ||||||||||| |
| 008 | 160503s2008 xxc |o f|0| 0 fre d |
| 040 | |aCaOODSP|bfre |
| 043 | |an-cn--- |
| 086 | 1 |aHP5-69/2008F-PDF |
| 110 | 2 |aAgence de santé publique du Canada. |bDivision des services de vérification. |
| 245 | 10|aRapport de vérification |h[ressource électronique] : |bdélégation des pouvoirs financiers. |
| 260 | |a[Ottawa] : |bAgence de santé publique du Canada, |c2008. |
| 300 | |a33 p. : |btableaux. |
| 500 | |aJuin 2008. |
| 500 | |aPubli. aussi en anglais sous le titre : Audit report: delegation of financial authorities. |
| 500 | |aLe n° de catalogue (HP5-69/2008E) et l’ISBN (978-1-100-10027-2) de l'édition imprimée ont été copiés dans l’édition électronique. |
| 692 | 07|2gccst|aVérification |
| 775 | 08|tAudit report |w(CaOODSP)9.816760 |
| 856 | 40|qPDF|s161 Ko|uhttps://publications.gc.ca/collections/collection_2016/aspc-phac/HP5-69-2008-fra.pdf |